| 000 | 00900nas a2200301 4500 | ||
|---|---|---|---|
| 001 | BR9800921 | ||
| 003 | BR-BrBNA | ||
| 005 | 20231205100917.0 | ||
| 007 | ta | ||
| 008 | 230509b bl.|||p| |||| 00| 00por d | ||
| 040 |
_aBR-BrBNA _bpor _cBiblioteca Nacional de Agricultura |
||
| 041 | _a(Pt) | ||
| 072 | _aF03 | ||
| 100 | 1 | _aTillmann, M.A.A. | |
| 100 | 1 | _aPeters, J.A. | |
| 100 | 1 | _aMello, V.D.C. | |
| 100 | 1 | _aSilva, J.B. da | |
| 245 | 1 | _aMaturacao e qualidade fisiologica de sementes de sorgo sacarino provenientes de diferentes localizacoes na panicula | |
| 650 | _aSorgo Acucareiro | ||
| 650 | _aSemente | ||
| 650 | _aMaturacao | ||
| 650 | _aFisiologia Vegetal | ||
| 650 | _aGerminacao | ||
| 650 | _aQualidade | ||
| 773 | 0 |
_tRevista Brasileira de Sementes (Brazil) _x _g(1985), v. 7(2) p. 101-111 _wBR9800921 |
|
| 909 |
_a202311 _bLúcia _c55 _dLúcia Elande |
||
| 942 |
_2AGRIS _n0 _cANA |
||
| 999 |
_c158748 _d158748 |
||